| 000 | 00465nam a2200181Ia 4500 | ||
|---|---|---|---|
| 001 | 16593 | ||
| 005 | 20260306170321.0 | ||
| 008 | 260306t2015||||xx |||||||||||||| ||und|| | ||
| 041 | _aESP | ||
| 082 |
_a348.8 _bB61B |
||
| 100 |
_aBlancas Bustamante, Carlos _eAUT |
||
| 245 | 0 | _aDerechos fundamentales laborales y estabilidad en el trabajo | |
| 260 | _c2015 | ||
| 300 |
_a191 páginas : _c20 cm. |
||
| 650 | _aGEN | ||
| 654 | _aCDE | ||
| 942 |
_cLIB _dJUS _fJUS _2ddc _n |
||
| 999 |
_c16593 _d16593 |
||